| 000 | 00468nam a22001817a 4500 | ||
|---|---|---|---|
| 005 | 20251108172537.0 | ||
| 008 | 250721s9999 xx 000 0 ara d | ||
| 082 | 1 | 4 | _a217.8/صلا |
| 100 | 1 | _aأبو حاكمة، هشام محمد | |
| 245 | 1 | 0 | _aصلاة والحج / |
| 264 | 1 |
_aعمان : _bدار الإسراء، |
|
| 300 | _a127 ص | ||
| 650 | 1 | 7 | _aالفتاوى |
| 650 | 1 | 7 | _aالصلوات |
| 650 | 1 | 7 | _aالحج |
| 942 |
_2ddc _cBK |
||
| 999 |
_c82117 _d82117 |
||